01097nam a22002777a 4500003000900000005001700009008003800026020001500064040002200079082001500101100002700116245009100143250001300234260003700247300002600284490003900310500008000349700002900429830004000458942001200498945002700510952010400537952012300641956004000764999001500804DO-SdBNP20180221091742.0151021b 2005 sp a || 00| 0 spa d a8434830957 aBPMSUbspacBPMSU axxxxbxxxx1 aDíaz, Gloria Cecilia10aLa bruja de la montaña /cGloria Cecilia Díaz ; Ilustraciones de Emilio Urberuaga. a18ª ed. aMadrid : bEdiciones SM, c2005. a61 p. :bil.c20 cm. 1 aBarco de vapor., Serie blanca v37 aIncluye datos biográficos de la autora en la solapa de la contracubierta.12aUrberuaga, Emilio,eil.  0aBarco de vapor., Serie blanca ;n37 2ddccBK aInventariado, 2018/ YL 00102ddc40708CJ-GaBPMETbBPMETd2015-10-21eFUNDIl0oxxxx xxxxpBPMSU16111498r2015-10-21yBK 00102ddc40708CJ-GaBPMETbBPMETd2016-11-23eFUNDIl0oxxxx xxxxpBPMSU16111497r2016-11-23tej. 2w2016-11-23yBK aLOPEREZ2103201611236BPMSU800041 c8418d8418